• 首页
  • 本馆介绍
  • 公告通知
  • 最新文献
  • 馆藏检索
  • 电子资源
  • 读者导购
  • 参考咨询
  • 我的图书馆
  • 登录
  • 详细信息显示
  • 放入我的书架
  • 预约/预借图书
  • 作者相关作品
  • 分类相关作品
  • 丛书相关作品
  • 出版社相关作品

书目信息

  • 表格格式
  • 工作单格式
  • 卡片格式
题名:
小提琴初级教程
    
 
作者: 梁大南 编著
分册:  
出版信息: 北京   同心出版社  2001
页数: 10,241页
开本: 30cm
丛书名: 西洋乐器教程系列丛书
单 册:
中图分类: J622.1
科图分类:
主题词: 小提琴--奏法--教材 , 小提琴 , 奏法
电子资源:
ISBN: 7-80593-514-9
000 00687nam0 2200265 45
001 (011001)c2001090243
005 20031219104107.9
010    @a7-80593-514-9@dCNY26.80
100    @a20011105d2001 em y0chiy0110 ea
101 0  @achi
102    @aCN@b110000
105    @aag z 000yd
106    @ar
200 1  @a小提琴初级教程@f梁大南编著
210    @a北京@c同心出版社@d2001
215    @a10,241页@c照片@d30cm
225 2  @a西洋乐器教程系列丛书
461  0 @12001 @a西洋乐器教程系列丛书
606 0  @a小提琴@x奏法@j教材
606 0  @a小提琴
606 0  @a奏法
690    @aJ622.1@v4
701  0 @a梁大南@4编著
801    @aCN@bTSTC@c20030324
905    @b321273-277@dJ622.1@e110@f5
    
    小提琴初级教程/梁大南编著.-北京:同心出版社,2001
    10,241页:照片;30cm.-(西洋乐器教程系列丛书)
    
    
    ISBN 7-80593-514-9:CNY26.80
    
●
相关链接 在E读中查询图书 在五车中查询图书 在当当中查询图书 在豆瓣中查询图书


正题名:小提琴初级教程     索取号:J622.1/110         预约/预借

序号 登录号 条形码 馆藏地/架位号 状态 备注
1 0321273   203212736   第一借阅区/ [索取号:J622.1/110] 在馆    
2 0321274   203212745   第一借阅区/ [索取号:J622.1/110] 在馆    
3 0321275   203212754   第一借阅区/ [索取号:J622.1/110] 在馆    
4 0321276   203212763   第一借阅区/ [索取号:J622.1/110] 在馆    
5 0321277   203212772   第一样本阅览室/ [索取号:J622.1/110] 在馆    
唐山师范学院图书馆 欢迎您!
大连网信软件有限公司© 版权所有